Statistics for Largest Countries (by % of Continent)

Click here to take the quiz!

General Stats

  • This quiz has been taken 148 times
    (72 since last reset)
  • The average score is 10 of 12

Answer Stats

% of Continent Country % Correct
39.3Russia
97%
39.8United States
96%
40.4Canada
94%
21.5China
94%
90.2Australia
90%
47.7Brazil
85%
7.4India
85%
8.0Mexico
82%
15.6Argentina
76%
7.8Algeria
63%
7.7Democratic Republic of the Congo
61%
7.2Peru
49%

Score Distribution

Percentile by Number Answered

Percent of People with Each Score

Your Score History

You have not taken this quiz since the last reset